[Event "Chigorin Memorial Blitz 31st"]
[Site "St Petersburg"]
[Date "2024.10.25"]
[Round "1"]
[White "Osmachko, Vladimir"]
[Black "Orlov, Andrey"]
[Result "0-1"]
[WhiteElo "2050"]
[BlackElo "2486"]
[PlyCount "140"]
[EventDate "2024.10.25"]
[EventType "swiss (blitz)"]
[EventRounds "11"]
[EventCountry "RUS"]
[SourceTitle "CB44_2024"]
[Source "Chessbase"]
[SourceDate "2024.10.30"]
[SourceVersion "1"]
[SourceVersionDate "2024.10.30"]
[SourceQuality "1"]

1. d4 d6 2. Nf3 Bg4 3. c4 Nd7 4. Nc3 Ngf6 5. Bg5 e6 6. Qc2 Be7 7. e3 a6 8. Be2 c5 9. Rd1 Qc7 10. 0-0 0-0 11. b3 Rfe8 12. Bxf6 Nxf6 13. dxc5 dxc5 14. Rd2 Red8 15. Rfd1 Rxd2 16. Rxd2 Rd8 17. h3 Bh5 18. Rxd8+ Qxd8 19. Ne5 Bxe2 20. Nxe2 Qd6 21. Nf3 h6 22. Nc3 Qc7 23. Ne4 Nd7 24. Qd1 f5 25. Nc3 Bf6 26. Ne2 Kf7 27. Nf4 g5 28. Ne2 b5 29. Qc2 b4 30. Ng3 a5 31. Nh5 Bc3 32. g4 Ne5 33. Nxe5+ Qxe5 34. Qd3 Ke7 35. Kg2 Qd6 36. Qxd6+ Kxd6 37. gxf5 exf5 38. Kf3 Ke6 39. Ke2 Kf7 40. Ng3 Kg6 41. Kd3 h5 42. Ne2 Be5 43. f3 Bc7 44. Nc1 Kf6 45. Ke2 g4 46. fxg4 fxg4 47. hxg4 hxg4 48. Nd3 Bd6 49. Kf2 Kf5 50. Ke2 Ke4 51. Nf2+ Kf5 52. Nd3 Be7 53. Kf2 Ke4 54. Ke2 g3 55. Ne1 Bg5 56. Ng2 Bh6 57. Nh4 Bxe3 58. Ng2 Bd4 59. Nh4 Kf4 60. Ng2+ Kg4 61. Ne1 Kf4 62. Ng2+ Ke4 63. Nh4 Be5 64. Ng2 Kd4 65. Kd2 Bf6 66. Ke2 Kc3 67. Kf3 Kb2 68. Nf4 Kxa2 69. Nd3 Bd4 70. Kxg3 Kxb3 0-1